000 00702nam a2200205 a 4500
001 000025412
005 20200930023754.0
008 110215s1993 uy r 000 c spa d
020 _a9974360269
040 _aDO-SdBNP
_bspa
_cBNPHU
082 _aNNN
_bE77p
100 1 _aEspínola, Francisco
_d1901-1973
_952014
245 1 0 _aPaco :
_blos mejores cuentos de Francisco Espínola /
_cFrancisco Espínola ; selección y prólogo de Ana Inés Larre Borges.
260 _aMontevideo, (Uruguay) :
_bInstituto Nacional del Libro,
_c1993.
300 _a157 p. ;
_c24 cm.
490 1 _aBrazo corto
_v9
700 1 _aLarre Borges, Ana Inés
_epról.
_952015
830 0 _aBrazo corto ;
_v9
_98973
049 _aBNGR
999 _c24904
_d24904